The Ultimate DC Superhero/Supervillan Quiz!! - Statistics

General Stats
  • This quiz has been taken 331 times
  • The average score is 42 of 120
Answer Stats
Hint Answer % Correct
Bruce Wayne Batman
100%
Dick Grayson Nightwing
94%
Clark Kent Superman
83%
Jason Todd Redhood
82%
Harleen Quinzel Harley Quinn
77%
Diana Prince Wonder Woman
76%
Stephanie Brown Batgirl
75%
Selena Kyle Catwoman
75%
70. Hal Jordan | John Stewart Green Lantern
74%
Harvey Dent Two Face
73%
Jack Napier Joker
72%
Barry Allen The Flash
72%
Kara Danvers Supergirl
69%
Oswald Cobblepot Penguin
68%
Tim drake Red Robin
68%
Oliver Queen Green Arrow
67%
Arthur Curry/ Orin Aquaman
66%
Wally West Kid Flash
66%
Victor Stone Cyborg
65%
Dr Pamela Isley Poison Ivy
64%
Conner Kent Superboy
63%
LexCorp founder Lex Luthor
62%
Slade Wilson Deathstroke
61%
Dr Jonathan Crane Scarecrow
61%
J'onn J'onzz Martian Manhunter
60%
Victor Fries Mr Freeze
59%
10. Zatanna Zatara Zatanna
58%
League of Assassins leader Ra's Al Ghul
57%
God of War Ares
56%
20. Edward Nigma The Riddler
56%
Garfield Logan Beast Boy
55%
Bat-Breaker Bane
53%
Barbara Gordan Oracle
52%
Dinah Laural Lance Black Canary
50%
Leonard Snart Captain Cold
50%
Lord of Apokolips Darkseid
50%
Beatriz Bonilla DeCosta Fire
50%
Dr Caitlin Snow Killer Frost
50%
30. Floyd Lawton Deadshot
49%
Koriand'r Starfire
48%
Daughter of the Previous Answer Talia Al Ghul
48%
Thal Sinestro Sinestro
47%
Rachel Roth Raven
45%
80. Cisco Ramon Vibe
43%
Billy Batson Captain Marvel
42%
100. Shiera Hall Hawkgirl
42%
Ronnie Raymond/Martin Stein FireStorm
41%
Carter Hall Hawkman
41%
Ray Palmer The Atom
41%
Dru-Zod General Zod
40%
M'gann M'orzz Miss Martian
40%
Basil Karlo Clayface
38%
Helena Bertinelli Huntress
37%
Waylon Jones Killer Croc
37%
Bart Allen Impulse
36%
Dr Kirk Langstrom Manbat
35%
Jamie Reyes Blue Beetle
34%
Mick Rory Heatwave
33%
Jervis Tetch Mad Hatter
31%
Kaldur'ahm/ Jackson Hyde Aqualad
30%
Roman Sonis Black Mask
29%
Barbara Minerva Cheetah
28%
Dr Kent Nelson Dr Fate
27%
Cassandra Sandsmark Wonder Girl
27%
The Backward Superman Bizaro
26%
Kaldur'ahm/ Jackson's Father Black Manta
26%
Armageddon Creature Doomsday
25%
Hank Henshaw Cyborg Superman
24%
Czarnian bounty hunter Lobo
23%
110. John Smith Red Tornado
22%
Barda Free Big Barda
21%
George 'Digger' Harkness Captain Boomerang
21%
Boston Brand Deadman
21%
Garfield Lynns/ Ted Carson FireFly
21%
Orm Marius Ocean Master
21%
Cyrus Gold Solomon Grundy
21%
Professor Ivo's Android Amazo
19%
John Diggle Spartan
19%
Tora Olafsdotter Ice
18%
Mother of Diana Hippolyta
17%
Mari Jiwe McCabe Vixen
17%
The Cyber Kryptonian Brainiac
16%
Jason Blood Etrigan
16%
Scott Free Mr Miracle
16%
40. Son of Darkseid Orion
16%
Karen Starr Powergirl
16%
Patrick O'Brian Plastic Man
15%
Hartley Rathaway Pied Piper
14%
Evan McCulloch Mirror Master
12%
John Corben Metallo
11%
Vandar Adg Vandal Savage
11%
50. Ruler of the War World Mongul
10%
Rudy Jones Parasite
10%
Victor Sage The Question
10%
Was previously an Arkham doctor Dr Hugo Strange
9%
Rex Mason Metamorpho
9%
Mark Marion Weather Wizard
9%
Axel Walker The Trickster
8%
120. The Wall Amanda Waller
6%
Dr Doris Zuel Giganta
6%
Siobhan Smythe/McDougal Silver Banshee
6%
Atlee Terra
6%
Gerard Shugel Ultra-humanite
6%
Lar Gand Mon-el
5%
Suzanne King Jones Arrowette
4%
Werner Zytle Count Vertigo
4%
Carrie Cutter Cupid
4%
Kyle Rayner Green Lantern 2
4%
Galactic Slavemaster from Kalanor Despero
3%
Guy Gardner Green Lantern 3
3%
Roy Harper Arsenal/ Speedy/Red arrow
1%
Artemis Crock Artemis/ Tigress
1%
Casandra Cain Black Bat/ Orphan
1%
Damien Wayne Black Robin/ Robin
1%
90. Dr Neal Emerson Dr Polaris
1%
60. Edgar Cizko Dr Psycho
1%
Eobard Thawne Reverse Flash/ Zoom
1%
Julian Albert Godspeed/ Savitar
0%
Conqueror Ape Grodd/ Gorilla Grodd
0%
No matching quizzes found
Score Distribution
Percent of People with Each Score
Percentile by Number Answered
Your Score History
You have not taken this quiz